<?xml version="1.0" encoding="UTF-8"?>
<record
    xmlns:xsi="http://www.w3.org/2001/XMLSchema-instance"
    xsi:schemaLocation="http://www.loc.gov/MARC21/slim http://www.loc.gov/standards/marcxml/schema/MARC21slim.xsd"
    xmlns="http://www.loc.gov/MARC21/slim">

  <leader>01750nam a22002297a 4500</leader>
  <controlfield tag="003">DO-SdBJH</controlfield>
  <controlfield tag="005">20241004130622.0</controlfield>
  <controlfield tag="008">210510b           ||||| |||| 00| 0 spa d</controlfield>
  <datafield tag="040" ind1=" " ind2=" ">
    <subfield code="a">DO-SdBJH</subfield>
    <subfield code="b">spa</subfield>
    <subfield code="c">DO-SdBJH</subfield>
  </datafield>
  <datafield tag="090" ind1=" " ind2=" ">
    <subfield code="a">TG EGAEE</subfield>
    <subfield code="b">01413 2018</subfield>
  </datafield>
  <datafield tag="100" ind1="1" ind2=" ">
    <subfield code="a">Aquino Aquino, Jos&#xE9;</subfield>
    <subfield code="e">sustentante</subfield>
  </datafield>
  <datafield tag="245" ind1="1" ind2="0">
    <subfield code="a">Mercado de medicamentos falsificados y su incidencia en la Salud P&#xFA;blica de Rep&#xFA;blica Dominicana.  Caso Provincia Espaillat, per&#xED;odo 2006-2016 / </subfield>
    <subfield code="c">Jos&#xE9; Aquino Aquino, Miriam Castillo, Francisco Acosta</subfield>
  </datafield>
  <datafield tag="260" ind1=" " ind2=" ">
    <subfield code="a">Santo Domingo :</subfield>
    <subfield code="b">INSUDE, </subfield>
    <subfield code="c">2018</subfield>
  </datafield>
  <datafield tag="300" ind1=" " ind2=" ">
    <subfield code="a">iii, 92 p&#xE1;ginas, gr&#xE1;ficos, cuadros</subfield>
  </datafield>
  <datafield tag="502" ind1=" " ind2=" ">
    <subfield code="a">Tesis  (Maestr&#xED;a en Defensa y Seguridad Nacional). -- Instituto Superior para la Defensa (INSUDE). Escuela de Graduados de Altos Estudios Estrat&#xE9;gico, 2018</subfield>
  </datafield>
  <datafield tag="504" ind1=" " ind2=" ">
    <subfield code="a">Incluye referencias bibliogr&#xE1;ficas e &#xED;ndices</subfield>
  </datafield>
  <datafield tag="505" ind1=" " ind2=" ">
    <subfield code="a">Antecedentes, farmacolog&#xED;a, derechos del consumidor, derecho a la salud, tama&#xF1;o del mercado y consecuencias que genera la comercializaci&#xF3;n de medicamentos falsificados en Rep&#xFA;blica Dominica. -- Mercado legal nacional e internacional para la prevenci&#xF3;n y control del mercado y comercializaci&#xF3;n de medicamentos faltos como garant&#xED;a de la salud p&#xFA;blica. -- La falsificaci&#xF3;n de medicamentos como problema de salud publica en Rep&#xFA;blica Dominicana: incidencia en la seguridad jur&#xED;dica, humana, econ&#xF3;mica y publica. -- Determinar el mercado de medicamentos falsificados y su incidencia en la salud p&#xFA;blica de Rep&#xFA;blica Dominicana.  caso Provincia Espaillat, Moca.</subfield>
  </datafield>
  <datafield tag="700" ind1="1" ind2=" ">
    <subfield code="a">Castillo, Miriam</subfield>
    <subfield code="e">asesor</subfield>
  </datafield>
  <datafield tag="700" ind1="1" ind2=" ">
    <subfield code="a">Acosta, Francisco</subfield>
    <subfield code="e">asesor</subfield>
  </datafield>
  <datafield tag="830" ind1=" " ind2=" ">
    <subfield code="a">INSUDE.  Escuela de Graduados de Altos Estudios Estrat&#xE9;gico.  Tesis y disertaciones acad&#xE9;micas</subfield>
  </datafield>
  <datafield tag="942" ind1=" " ind2=" ">
    <subfield code="2">CL</subfield>
    <subfield code="c">T</subfield>
  </datafield>
  <datafield tag="999" ind1=" " ind2=" ">
    <subfield code="c">6127</subfield>
    <subfield code="d">6127</subfield>
  </datafield>
  <datafield tag="952" ind1=" " ind2=" ">
    <subfield code="0">0</subfield>
    <subfield code="1">0</subfield>
    <subfield code="2">CL</subfield>
    <subfield code="4">0</subfield>
    <subfield code="7">1</subfield>
    <subfield code="8">TG</subfield>
    <subfield code="a">BJHA</subfield>
    <subfield code="b">BJHA</subfield>
    <subfield code="d">2021-05-10</subfield>
    <subfield code="i">01413</subfield>
    <subfield code="l">0</subfield>
    <subfield code="o">TG EGAEE 01413 2018</subfield>
    <subfield code="p">01413</subfield>
    <subfield code="r">2021-05-10 00:00:00</subfield>
    <subfield code="t">e.1</subfield>
    <subfield code="w">2021-05-10</subfield>
    <subfield code="y">T</subfield>
  </datafield>
</record>
